Wings of fire (Record no. 505)

MARC details
000 -LEADER
fixed length control field 00373nam a22001697a 4500
005 - DATE AND TIME OF LATEST TRANSACTION
control field 20160511104343.0
008 - FIXED-LENGTH DATA ELEMENTS--GENERAL INFORMATION
fixed length control field 160511b xxu||||| |||| 00| 0 eng d
020 ## - INTERNATIONAL STANDARD BOOK NUMBER
ISBN 81-73711461
041 ## - LANGUAGE CODE
Language code of text/sound track or separate title eng
082 ## - DEWEY DECIMAL CLASSIFICATION NUMBER
Item number 1231
100 ## - MAIN ENTRY--AUTHOR NAME
Personal name Kalam APJ
245 ## - TITLE STATEMENT
Title Wings of fire
260 ## - PUBLICATION, DISTRIBUTION, ETC. (IMPRINT)
Name of publisher University Press
Year of publication 1999
300 ## - PHYSICAL DESCRIPTION
Number of Pages 180
650 ## - SUBJECT ADDED ENTRY--TOPICAL TERM
Topical Term Management
942 ## - ADDED ENTRY ELEMENTS (KOHA)
Koha item type Books
Holdings
Lost status Damaged status Collection code Home library Current library Shelving location Date acquired Accession Number Koha item type
    LIFE SKILL JRU Library JRU Library SHELF-103-F 11/05/2016 1231 Books